Aprovechamiento biotecnolg̤ico de productos agropecuarios II

Bibliographic Details
Format: eBook
Language:Spanish
Published: Mx̌ico D.F.: Plaza y Valdš Editores, 2008
Subjects:
Online Access:Acceso restringido

MARC

LEADER 00000nam a22000007a 4500
005 20130712142723.0
007 cr|||| ||||
008 130712s2008 mx |||||s|||| 00||0 spa d
020 |a 978-970-722-768-2 
035 |a 11432 
040 |a vLex 
090 |c 4452  |d 4452 
245 0 0 |a Aprovechamiento biotecnolg̤ico de productos agropecuarios II  |h [Recurso electrn̤ico] 
256 |a Servicio en ln̕ea 
260 |a Mx̌ico D.F.:  |b Plaza y Valdš Editores,   |c 2008 
300 |a 1 recurso electrn̤ico 
506 1 |a Contenido solo disponible en los productos indicados  |d vLex Global  |d vLex Global (Academic Edition, excluding Law Schools)  |d vLex Global (U.S. Academic Edition, Law Schools)  |d vLex Global (U.S. Academic Edition, excluding Law Schools)  |d vLex Global (Academic Edition, Law Schools) 
650 0 4 |a Agricultura biolg̤ica  |z Mx̌ico 
650 0 4 |a Biotecnologa̕  |z Mx̌ico 
740 0 |a vLex Libros (Servicio en linea) 
856 4 0 |u http://vlex.com/source/aprovechamiento-biotecnologico-productos-agropecuarios-ii-11432  |z Acceso restringido 
942 |c BOOK 
999 0 |a Organic farming 
999 0 |a Biotechnology